000 00336nam a2200145 i 4500
001 bg
100 1 _aSCHWARTZ, L.
245 0 _aKurs analizy matematycznej /
_cL. Schwartz. T.2.
250 _aWyd.2 popr.
260 _aWarszawa,
_c1988.
040 _cBPK
041 _apol
942 _cKS
008 s pl f |000 0 pol
999 _c23857
_d23857
856 _uhttp://koha.tu.koszalin.pl/cgi-bin/koha/opac-detail.pl?biblionumber=23857
_yKatalog online BPK